| 000 | 00894nam a2200277Ia 4500 | ||
|---|---|---|---|
| 003 | OSt | ||
| 005 | 20221005050940.0 | ||
| 006 | a|||||r|||| 00| 0 | ||
| 007 | ta | ||
| 008 | 221004b |||||||| |||| 00| 0 eng d | ||
| 020 |
_a9789004322820 (hbk) _cEURO 59.00 |
||
| 024 | _a34174 | ||
| 037 |
_b52357, 15/09/2017, Segment Book Distributors _cTextual |
||
| 040 |
_aCRL _cCRL _beng |
||
| 041 |
_2eng _aeng |
||
| 082 | _aN1(Q7):(Y:1), P9.33 | ||
| 100 |
_aNecipoglu Gulru Ed. _939781 |
||
| 245 | 0 |
_aMuqarnas _b an annual on the visual cultures of the Islamic World |
|
| 260 |
_aLeiden _bBrill The Netherlands _c2016 |
||
| 300 |
_aix,419p. _ccm. |
||
| 490 | _vVol.33 | ||
| 650 |
_a ISLAMIC ART _9582521 |
||
| 650 | _aCULTURE | ||
| 942 |
_hN1(Q7):(Y:1), P9.33 _cTEXL _2cc |
||
| 999 |
_c958001 _d958001 |
||